|
|
|
|
| LEADER |
00000cam a22000004a 4500 |
| 001 |
musev2_45663 |
| 003 |
MdBmJHUP |
| 005 |
20230905044756.0 |
| 006 |
m o d |
| 007 |
cr||||||||nn|n |
| 008 |
151214s2016 nyu o 00 0 eng d |
| 020 |
|
|
|a 9780815653745
|
| 020 |
|
|
|z 9780815610717
|
| 035 |
|
|
|a (OCoLC)949033115
|
| 040 |
|
|
|a MdBmJHUP
|c MdBmJHUP
|
| 041 |
1 |
|
|a eng
|h ara
|
| 100 |
1 |
|
|a Iskandar, Gharīb,
|d 1966-
|e author.
|
| 245 |
1 |
0 |
|a Gilgamesh's Snake and Other Poems :
|b Bilingual Edition /
|c Ghareeb Iskander ; translated from the Arabic by John Glenday and Ghareeb Iskander.
|
| 250 |
|
|
|a First edition.
|
| 264 |
|
1 |
|a Syracuse :
|b Syracuse University Press,
|c 2016.
|
| 264 |
|
3 |
|a Baltimore, Md. :
|b Project MUSE,
|c 2016
|
| 264 |
|
4 |
|c ©2016.
|
| 300 |
|
|
|a 1 online resource (144 pages).
|
| 336 |
|
|
|a text
|b txt
|2 rdacontent
|
| 337 |
|
|
|a computer
|b c
|2 rdamedia
|
| 338 |
|
|
|a online resource
|b cr
|2 rdacarrier
|
| 490 |
0 |
|
|a Middle East Literature In Translation
|
| 505 |
0 |
|
|a C; Iskander Final; bcc.
|
| 546 |
|
|
|a In English and Arabic.
|
| 588 |
|
|
|a Description based on print version record.
|
| 650 |
|
7 |
|a English poetry.
|2 fast
|0 (OCoLC)fst00912278
|
| 650 |
|
7 |
|a Arabic poetry.
|2 fast
|0 (OCoLC)fst00812533
|
| 650 |
|
7 |
|a POETRY
|x Middle Eastern.
|2 bisacsh
|
| 650 |
|
7 |
|a FICTION
|x General.
|2 bisacsh
|
| 650 |
|
6 |
|a Poesie anglaise
|y 21e siecle.
|
| 650 |
|
6 |
|a Poesie arabe
|y 21e siecle.
|
| 650 |
|
0 |
|a English poetry
|y 21st century.
|
| 650 |
|
0 |
|a Arabic poetry
|y 21st century.
|
| 655 |
|
7 |
|a Electronic books.
|2 local
|
| 700 |
1 |
2 |
|a Iskandar, Gharīb,
|d 1966-
|t Poems.
|k Selections.
|l English.
|
| 700 |
1 |
2 |
|a Iskandar, Gharīb,
|d 1966-
|t Poems.
|k Selections.
|
| 700 |
1 |
|
|a Glenday, John,
|e translator.
|
| 710 |
2 |
|
|a Project Muse.
|e distributor
|
| 830 |
|
0 |
|a Book collections on Project MUSE.
|
| 856 |
4 |
0 |
|z Texto completo
|u https://projectmuse.uam.elogim.com/book/45663/
|
| 945 |
|
|
|a Project MUSE - Custom Collection
|
| 945 |
|
|
|a Project MUSE - 2016 Complete
|
| 945 |
|
|
|a Project MUSE - 2016 Poetry, Fiction and Creative Non-Fiction
|